000 00719nam a2200229Ia 4500
003 OSt
005 20230622150113.0
008 210423s2015 xx 000 0 und d
020 _a978-0-19-437211-4
040 _cAL
041 _aeng
082 _a401
_223
_b WIDO
100 _aWIDDOWSON (H G)
_9111828
245 _aOxford introductions to language study: sociolinguistics by Bernard Spolsky
260 _aNew York
_bOxford University Press
_c2015
300 _axiii,128
_bPB
365 _b345
_cINR
440 _aOxford introductions to language study
_9111829
650 _aLanguage
_9111830
906 _aBernard ; introductions ; language ; Oxford ; sociolinguistics ; Spolsky ; study:
942 _2ddc
_cBK
999 _c167145
_d167145